Jump - Blackpink lyrics - Statistics

General Stats
  • This quiz has been taken 127 times
    126 since last reset
  • The average score is 197 of 314
Answer Stats
Answer % Correct
I
95%
I?
95%
(no)
93%
no
93%
you
93%
You
93%
a
92%
that
92%
that,
92%
that?
92%
I’m
91%
not
91%
jump
89%
the
89%
The
89%
to
89%
me
88%
me,
88%
my
85%
tame
85%
easy
84%
in,
83%
in
83%
all
81%
see
77%
escape
76%
under
76%
are
75%
got
75%
lights,
75%
it
73%
it,
73%
should
73%
sweetest
73%
tears
73%
your
73%
on
72%
run
72%
ice
71%
that’s
71%
with
71%
yeah,
71%
yeah
71%
(Yeah),
71%
(yeah)
71%
like
69%
turn
69%
we
69%
bet
68%
know
68%
sisters
67%
up
67%
up,
67%
come
65%
get
65%
high
65%
of
65%
so
65%
these
65%
didn’t
64%
watch
64%
take
63%
time
63%
every
61%
life
61%
mission
61%
shit
61%
this
61%
runnin’
60%
explain
59%
I’ll
59%
night
59%
ain’t
57%
entertained?
57%
girls
57%
talk
57%
baby,
56%
spice
56%
walk
56%
breaking
55%
cage,
55%
feeling
55%
insane,
55%
out
55%
place
55%
stay
55%
donna,
53%
prima
53%
system
53%
way
53%
going
52%
gotta
52%
kicks
52%
now
52%
And
51%
and
51%
gas,
51%
think
51%
through
51%
BLACKPINK
48%
area
47%
ate
47%
back
47%
wanna
47%
uh,
45%
already
44%
rocked
44%
bumpin’,
43%
set
43%
dul,
41%
guess
41%
hana,
41%
running
41%
brakes,
40%
oh
40%
might
39%
bouncin’
37%
’em
37%
bass
35%
gunnin’
35%
you’re
35%
open
31%
ma,
27%
stuntin’
27%
ttwi
25%
woah
24%
(ttwieo)
23%
ttwieo
23%
(ah)
19%
nuga
15%
nugunji,
15%
haji
13%
nun
13%
chakgak
11%
gamgo,
11%
(woo,
9%
woo,
9%
woo)
9%
itji
8%
sungan
8%
No matching quizzes found
Score Distribution
Percent of People with Each Score
Percentile by Number Answered
Your Score History
You have not taken this quiz since the last reset